000 01475cam a22003857a 4500
003 CHAP
005 20220817042049.0
008 971013s1978 r 00010 d
010 _a33457
011 _a34429
035 _a38545
040 _cCHAP
082 _a630.72058
_bC8 1978
110 _aCurrent Agricultural Research Information System
_930537
245 1 3 _aLa investigación agronómica en los países en desarrollo
250 _aEd. 1978
260 _aRoma :
_bFAO,
_c1978
300 _a3 v.
490 0 _aSistema de información sobre investigaciones agronómicas en curso
505 _aContenido: v.1 Instituciones de investigación. -- v.2 Investigadores. -- v.3 Programas de investigación
590 _aBATCH-UPD
_b10
_c20130110
_lUCH01
_h0139
590 _aBATCH-UPD
_b10
_c20130110
_lUCH01
_h1945
590 _aBATCH-UPD
_b10
_c20130409
_lUCH01
_h2137
590 _aBATCH-UPD
_b10
_c20130410
_lUCH01
_h1308
590 _aBATCH-UPD
_b10
_c20130913
_lUCH01
_h2058
590 _aCONVERSION
_b10
_c20130109
_lUCH01
_h1319
650 1 4 _aAgricultura
_xInvestigación
_xDirectorios.
_91612
650 1 4 _aAgricultura
_xInvestigacion
_xPaises subdesarrollados.
_91657
710 0 _aFAO.
830 0 _aSistema de información sobre investigaciones agronómicas en curso
_9106709
901 _aBK
942 _cLIBRO
949 _a630.72058 C8 1978
_bBC
_cFAO
_d-88078
_eFAO1
_h46221
_i38545
_si
949 _a630.72058 C8 1978
_bBC
_cFAO
_d-88079
_eFAO2
_fc.2
_h46226
_i38545
_si
999 _c33457
_d33457